ბათუმის შოთა რუსთაველის სახელმწიფო უნივერსიტეტის ბიბლიოთეკა

მოთხრობები (ბიბ.ჩანაწერი № 48676)

000 -LEADER
fixed length control field 00564nam a2200205Ia 4500
001 - CONTROL NUMBER
control field 15576
003 - CONTROL NUMBER IDENTIFIER
control field GE_BSU
008 - FIXED-LENGTH DATA ELEMENTS--GENERAL INFORMATION
fixed length control field 181216s||||||||xx |||||||||||||| ||und||
040 ## - CATALOGING SOURCE
Transcribing agency GE_BSU
080 ## - UNIVERSAL DECIMAL CLASSIFICATION NUMBER
Universal Decimal Classification number 821.353.1-32
100 ## - MAIN ENTRY--PERSONAL NAME
Personal name წვერავა, ს.
245 ## - TITLE STATEMENT
Title მოთხრობები
245 ## - TITLE STATEMENT
Statement of responsibility, etc. რედ. ი.გავაშელაშვილი
260 ## - PUBLICATION, DISTRIBUTION, ETC.
Place of publication, distribution, etc. თბილისი
260 ## - PUBLICATION, DISTRIBUTION, ETC.
Name of publisher, distributor, etc. ფედერაცია
260 ## - PUBLICATION, DISTRIBUTION, ETC.
Date of publication, distribution, etc. 1940
300 ## - PHYSICAL DESCRIPTION
Extent 220გვ.17სმ.
653 ## - INDEX TERM--UNCONTROLLED
Uncontrolled term მოთხრობები
942 ## - ADDED ENTRY ELEMENTS (KOHA)
Koha item type წიგნი
ეგზემპლარები
Withdrawn status Lost status Damaged status Not for loan Date acquired Barcode Date last seen Price effective from Koha item type Public note
        2018-12-17 38952 2018-12-17 2018-12-17 წიგნი  
        2018-12-17 38953 2018-12-17 2018-12-17 წიგნი  
        2018-12-17 38954 2018-12-17 2018-12-17 წიგნი  
        2018-12-17 38955 2018-12-17 2018-12-17 წიგნი  
        2018-12-17 38956 2018-12-17 2018-12-17 წიგნი  
        2018-12-17 38957 2018-12-17 2018-12-17 წიგნი  
        2018-12-17 38958 2018-12-17 2018-12-17 წიგნი  
        2018-12-17 38959 2018-12-17 2018-12-17 წიგნი  
        2018-12-17 38960 2018-12-17 2018-12-17 წიგნი  
        2018-12-17 38961 2018-12-17 2018-12-17 წიგნი  
        2018-12-17 38962 2018-12-17 2018-12-17 წიგნი  
        2018-12-17 38963 2018-12-17 2018-12-17 წიგნი 5ლ.